000 00626nam a22001935i 4500
001 155271
003 ES-MaACL
005 20251014063221.0
008 990930s1853 po |||| | por d
100 1 _aHerculano, Alexandre,
_d1810-1877
_962677
245 1 0 _aHistoria de Portugal.
_nIV /
_cpor A. Herculano.
250 _a2ยช ed.
260 _aLisboa :
_bem casa da viuva Bertrand e Filhos,
_c1853 (
_fImp. Nacional)
300 _a1 v. (XIV, 488 p.) ;
_c22 cm.
651 4 _aPortugal-
_xHistoria.
_96241
752 _aPortugal -
_dLisboa
852 _aES-MaACL
_jD-1710
_z- Enc. hol.
999 _c155271
_d155271